| 000 | 00616nam a2200241Ia 4500 | ||
|---|---|---|---|
| 003 | 0100 | ||
| 008 | 130227s9999 xx 000 0 und d | ||
| 040 | _cARRUPELIB | ||
| 050 | _aBT301.3.P123 | ||
| 245 | 4 | _aThe Pope and Jesus of Nazareth | |
| 245 | _bchrist, scripture and the church | ||
| 260 | _aLondon | ||
| 260 | _bSCM Press | ||
| 260 | _C2009 | ||
| 300 | _a290p. | ||
| 300 | _b 23 cm | ||
| 440 | _aThe Veritas series | ||
| 650 | _bChristianity - Philosophy | ||
| 650 | _cPhilosophy and religion | ||
| 650 | _dPhenomenology | ||
| 700 | _aPabst, Adrian ; Paddison, Angus (ed.) | ||
| 942 |
_2lcc _01 |
||
| 999 |
_c6166 _d6166 |
||